[Event "South America-ch U18 Girls 17th"]
[Site "Guayaquil"]
[Date "2022.01.28"]
[Round "5"]
[White "Quezada Pauker, Kathleen Gabriela"]
[Black "Mariduena Villa, Jamileth Roxanna"]
[Result "1-0"]
[WhiteElo "1601"]
[BlackElo "1163"]
[PlyCount "71"]
[EventDate "2022.01.25"]
[EventType "swiss"]
[EventRounds "9"]
[EventCountry "ECU"]
[SourceTitle "CBM 206 Extra"]
[Source "ChessBase"]
[SourceDate "2022.03.31"]
[SourceVersion "1"]
[SourceVersionDate "2022.03.31"]
[SourceQuality "1"]

1. d4 e6 2. Nf3 d5 3. Bf4 c5 4. e3 Nf6 5. c3 Nbd7 6. Nbd2 Be7 7. h3 h6 8. Bd3 0-0 9. 0-0 a6 10. a4 b6 11. Ne5 Bb7 12. Ndf3 Rc8 13. Rc1 c4 14. Bc2 Re8 15. Nxd7 Nxd7 16. Ne5 Nxe5 17. dxe5 f6 18. Qh5 fxe5 19. Bxe5 Bf6 20. f4 Bxe5 21. fxe5 Qg5 22. Qf7+ Kh8 23. Qxb7 Qe7 24. Qxe7 Rxe7 25. Rf3 Kg8 26. Rcf1 Ree8 27. Rf7 Kh8 28. Rb7 Rb8 29. Rff7 Rxb7 30. Rxb7 Kg8 31. Rxb6 Kf8 32. Rxa6 Kf7 33. Ra7+ Re7 34. Bg6+ Kf8 35. Ra8+ Re8 36. Rxe8# 1-0

[Event "South America-ch U18 Girls 17th"]
[Site "Guayaquil"]
[Date "2022.01.26"]
[Round "3"]
[White "Cruz Flores, Beatriz Milagros"]
[Black "Mariduena Villa, Jamileth Roxanna"]
[Result "1-0"]
[WhiteElo "1515"]
[BlackElo "1163"]
[PlyCount "73"]
[EventDate "2022.01.25"]
[EventType "swiss"]
[EventRounds "9"]
[EventCountry "ECU"]
[SourceTitle "CBM 206 Extra"]
[Source "ChessBase"]
[SourceDate "2022.03.31"]
[SourceVersion "1"]
[SourceVersionDate "2022.03.31"]
[SourceQuality "1"]

1. e4 e6 2. c4 c5 3. Nf3 Nc6 4. d4 d6 5. d5 Nce7 6. Nc3 g6 7. dxe6 Bxe6 8. Bf4 Nc6 9. Nb5 Qd7 10. Nxd6+ Bxd6 11. Qxd6 Qxd6 12. Bxd6 b6 13. 0-0-0 f6 14. Be2 Nge7 15. e5 fxe5 16. Nxe5 Nxe5 17. Bxe5 Rf8 18. Bf3 Rd8 19. b3 Kf7 20. Rhe1 Rxd1+ 21. Rxd1 Nf5 22. Bc3 Ke7 23. Be4 Rd8 24. Bf6+ Kxf6 25. Rxd8 Nd4 26. Ra8 a5 27. Ra6 Ke5 28. f3 Bf5 29. Bxf5 Nxf5 30. Kd2 h5 31. Rxb6 g5 32. Rb5 Kf4 33. Rxc5 g4 34. Rxf5+ Kxf5 35. fxg4+ hxg4 36. Ke3 Kg5 37. c5 1-0

[Event "Preinscritos IRT Online"]
[Site "Chess.com INT"]
[Date "2020.12.26"]
[Round "7"]
[White "Mariduena Villa, Jamileth Roxanna"]
[Black "Zapata Jumbo, Gabriel Alexander"]
[Result "1-0"]
[WhiteElo "1330"]
[BlackElo "881"]
[PlyCount "65"]
[EventDate "2020.12.26"]
[EventType "swiss"]
[EventRounds "11"]
[EventCountry "ECU"]
[SourceTitle "CBM 200 Extra"]
[Source "ChessBase"]
[SourceDate "2021.03.31"]
[SourceVersion "1"]
[SourceVersionDate "2021.03.31"]
[SourceQuality "1"]

1. d4 d5 2. Nf3 Bf5 3. g3 Nc6 4. Bg2 Qd7 5. 0-0 Nb4 6. Na3 Nf6 7. c3 Nc6 8. Bf4 0-0-0 9. Rc1 Bh3 10. Nc2 h5 11. Nh4 Nh7 12. Bd2 g5 13. Nf3 h4 14. gxh4 gxh4 15. Bf4 f6 16. b4 Rg8 17. Nxh4 Bxg2 18. Nxg2 Qg4 19. Bg3 Bh6 20. Rb1 Ng5 21. Nce3 Nh3+ 22. Kh1 Qe4 23. Qd3 Qe6 24. Qf5 Qxf5 25. Nxf5 Rh8 26. b5 e6 27. bxc6 exf5 28. cxb7+ Kb8 29. Nf4 Nxf4 30. e3 Ne2 31. Rb2 Nxc3 32. Rc1 Na4 33. Bxc7# 1-0

[Event "Preinscritos IRT Online"]
[Site "Chess.com INT"]
[Date "2020.12.26"]
[Round "9"]
[White "Mendoza Zambrano, Jose Paul"]
[Black "Mariduena Villa, Jamileth Roxanna"]
[Result "0-1"]
[WhiteElo "1408"]
[BlackElo "1330"]
[PlyCount "42"]
[EventDate "2020.12.26"]
[EventType "swiss"]
[EventRounds "11"]
[EventCountry "ECU"]
[SourceTitle "CBM 200 Extra"]
[Source "ChessBase"]
[SourceDate "2021.03.31"]
[SourceVersion "1"]
[SourceVersionDate "2021.03.31"]
[SourceQuality "1"]

1. e4 d5 2. exd5 Nf6 3. Nc3 Nxd5 4. Nxd5 Qxd5 5. Nf3 Bf5 6. d4 e6 7. c3 Nd7 8. Bd3 Bxd3 9. Qxd3 Nf6 10. 0-0 Rd8 11. Re1 a6 12. Bf4 c5 13. c4 Qd7 14. d5 Be7 15. Ne5 Qc8 16. Rad1 0-0 17. Qf3 exd5 18. cxd5 Bd6 19. Nc4 Bxf4 20. Qxf4 Rxd5 21. Rxd5 Nxd5 0-1

[Event "ECU-ch Schools U15 Girls Clas2"]
[Site "Chess.com INT"]
[Date "2020.11.07"]
[Round "9"]
[White "Mariduena Villa, Jamileth Roxanna"]
[Black "Escobar Villota, Domenika Gabriela"]
[Result "1-0"]
[WhiteElo "1180"]
[BlackElo "1346"]
[PlyCount "57"]
[EventDate "2020.11.07"]
[EventType "swiss"]
[EventRounds "9"]
[EventCountry "ECU"]
[SourceTitle "EXT 2022"]
[Source "ChessBase"]
[SourceDate "2021.10.06"]
[SourceVersion "1"]
[SourceVersionDate "2021.10.06"]
[SourceQuality "1"]

1. d4 f5 2. Nf3 Nf6 3. c4 e6 4. g3 b6 5. Bg2 Bb7 6. Nc3 Bb4 7. Qb3 Bxc3+ 8. Qxc3 Ne4 9. Qc2 d6 10. 0-0 Nd7 11. Nd2 Ndf6 12. f3 Nxd2 13. Bxd2 0-0 14. Qb3 Kh8 15. Rac1 Qe8 16. Be3 e5 17. Qc2 Qh5 18. Bf2 e4 19. Qc3 Rae8 20. Qb3 g5 21. c5 f4 22. g4 Qh6 23. cxd6 cxd6 24. Rc7 Bd5 25. Qa3 exf3 26. exf3 a5 27. Qxd6 Bxf3 28. Bxf3 Qh3 29. Bg2 1-0

[Event "ECU-ch Schools U15 Girls Clas1"]
[Site "Chess.com INT"]
[Date "2020.11.05"]
[Round "5"]
[White "Mariduena Villa, Jamileth Roxanna"]
[Black "Martinez Zambrano, Karina Paola"]
[Result "0-1"]
[WhiteElo "1180"]
[BlackElo "1407"]
[PlyCount "48"]
[EventDate "2020.11.05"]
[EventType "swiss"]
[EventRounds "9"]
[EventCountry "ECU"]
[SourceTitle "EXT 2022"]
[Source "ChessBase"]
[SourceDate "2021.10.06"]
[SourceVersion "1"]
[SourceVersionDate "2021.10.06"]
[SourceQuality "1"]

1. d4 Nf6 2. c4 g6 3. g3 Bg7 4. Bg2 0-0 5. Nf3 Na6 6. Bd2 c5 7. dxc5 Nxc5 8. b3 Nfe4 9. Qc2 Bxa1 10. Nh4 Nxd2 11. Nxd2 Bg7 12. Nhf3 Rb8 13. 0-0 b6 14. b4 Ne6 15. h3 Bb7 16. Rd1 Qc7 17. Rc1 Rfc8 18. Nb3 Bxf3 19. Bxf3 Ng5 20. Bg2 Qd6 21. a3 Qe6 22. e3 Nxh3+ 23. Kh2 Ng5 24. Rd1 Qg4 0-1

[Event "ECU-ch Schools U15 Girls Clas1"]
[Site "Chess.com INT"]
[Date "2020.11.05"]
[Round "8"]
[White "Mariduena Villa, Jamileth Roxanna"]
[Black "Yagual Cacao, Haily Alanis"]
[Result "0-1"]
[WhiteElo "1180"]
[BlackElo "1014"]
[PlyCount "72"]
[EventDate "2020.11.05"]
[EventType "swiss"]
[EventRounds "9"]
[EventCountry "ECU"]
[SourceTitle "EXT 2022"]
[Source "ChessBase"]
[SourceDate "2021.10.06"]
[SourceVersion "1"]
[SourceVersionDate "2021.10.06"]
[SourceQuality "1"]

1. g3 e5 2. Bg2 Nf6 3. d3 d5 4. Nd2 Nc6 5. Ngf3 Bd6 6. 0-0 Bf5 7. c4 dxc4 8. Nxc4 0-0 9. b3 a6 10. Bb2 Re8 11. Rc1 b5 12. Ncxe5 Nxe5 13. Nxe5 Rc8 14. Nc6 Qd7 15. Nd4 Be5 16. Bc6 Qd6 17. Bxe8 Rxe8 18. Nxf5 Qe6 19. Bxe5 Qxe5 20. Ne3 Re6 21. Qc2 Nh5 22. Qxc7 Qxc7 23. Rxc7 h6 24. Rfc1 Kh7 25. R7c6 Re7 26. Nd5 Rxe2 27. R6c2 Re5 28. Ne3 Rg5 29. Kf1 f5 30. d4 f4 31. gxf4 Nxf4 32. Rd2 Nh3 33. d5 Rg1+ 34. Ke2 Rxc1 35. d6 Rc8 36. d7 Rd8 0-1

[Event "ECU-ch Schools U15 Girls Clas1"]
[Site "Chess.com INT"]
[Date "2020.11.05"]
[Round "4"]
[White "Ramon Ortega, Kerlly Abygail"]
[Black "Mariduena Villa, Jamileth Roxanna"]
[Result "0-1"]
[WhiteElo "195"]
[BlackElo "1180"]
[PlyCount "26"]
[EventDate "2020.11.05"]
[EventType "swiss"]
[EventRounds "9"]
[EventCountry "ECU"]
[SourceTitle "EXT 2022"]
[Source "ChessBase"]
[SourceDate "2021.10.06"]
[SourceVersion "1"]
[SourceVersionDate "2021.10.06"]
[SourceQuality "1"]

1. d4 e6 2. c4 c5 3. Nf3 cxd4 4. Nxd4 Nc6 5. Nc3 Nf6 6. Bf4 Qb6 7. Ndb5 e5 8. Bg5 a6 9. Bxf6 gxf6 10. Nd5 Qa5+ 11. b4 Nxb4 12. Ndc7+ Kd8 13. Nxa8 Nc2# 0-1